[Event "Junior Online 4NCL Division 3"]
[Site "online"]
[Date "2020.05.07"]
[Round "4.72"]
[White "Ravithas, Ashwin"]
[Black "Carey, Alex"]
[Result "1/2-1/2"]
[WhiteElo "1382"]
[BlackElo "1442"]
[PlyCount "98"]
[EventDate "2020.05.07"]
[WhiteTeam "St Albans Early Knights 2"]
[BlackTeam "Stroud Cubs"]

1. e4 c5 2. Nf3 Nc6 3. Bc4 d6 4. h3 Nf6 5. Nc3 g6 6. d3 Bg7 7. Bg5 O-O 8. Bxf6
Bxf6 9. O-O a6 10. a4 e6 11. Re1 Bd7 12. Bb3 Qa5 13. Qd2 Rad8 14. Bc4 Nd4 15.
Nxd4 Bxd4 16. Bb3 Bc6 17. Ra2 Rfe8 18. Nb1 Qxd2 19. Nxd2 d5 20. exd5 exd5 21.
Rxe8+ Rxe8 22. Nf3 Bf6 23. c3 d4 24. cxd4 Bxf3 25. gxf3 Bxd4 26. Kf1 Kg7 27.
Bd5 b6 28. b3 Re5 29. Bb7 a5 30. Ba6 Rh5 31. Kg2 Rg5+ 32. Kf1 Kf6 33. Bc4 Ke7
34. Re2+ Kf8 35. Bb5 Kg7 36. Re8 Rd5 37. Bc4 Rd6 38. Re7 Rf6 39. Ke2 Kf8 40.
Re4 h6 41. Bb5 Kg7 42. Bc4 g5 43. h4 Kg6 44. hxg5 hxg5 45. Rg4 Rf4 46. Rxf4
gxf4 47. Kf1 Kg5 48. Bxf7 Kh4 49. Kg2 Kg5 1/2-1/2

[Event "Junior Online 4NCL Division 3"]
[Site "online"]
[Date "2020.05.07"]
[Round "4.73"]
[White "Edwards, Jacob"]
[Black "Jain, Ekansh Rajesh"]
[Result "1-0"]
[WhiteElo "1412"]
[BlackElo "1337"]
[PlyCount "73"]
[EventDate "2020.05.07"]
[WhiteTeam "Stroud Cubs"]
[BlackTeam "St Albans Early Knights 2"]

1. e4 e5 2. Bc4 Nf6 3. d4 Nc6 4. d5 Na5 5. Bd3 Bc5 6. Bd2 b6 7. b4 Bd4 8. c3
Bxc3 9. Bxc3 Nb7 10. Nf3 Nd6 11. Nbd2 O-O 12. O-O Bb7 13. Bxe5 c6 14. Bxd6 Re8
15. Be5 Ng4 16. Bg3 cxd5 17. Re1 Rc8 18. exd5 Bxd5 19. Rxe8+ Qxe8 20. Nd4 Rc3
21. Qxg4 Rxd3 22. Nf5 g6 23. Nh6+ Kf8 24. Nf3 a5 25. Re1 Be6 26. Qe4 Rd6 27.
Bxd6+ Kg7 28. Be5+ Kf8 29. Ng5 Bxa2 30. Nxh7+ Ke7 31. Bf6+ Kd6 32. Qxe8 axb4
33. Qe7+ Kc6 34. Rc1+ Kb5 35. Qxd7+ Ka6 36. Rc8 Ka5 37. Ra8# 1-0

[Event "Junior Online 4NCL Division 3"]
[Site "online"]
[Date "2020.05.07"]
[Round "4.74"]
[White "Vayzert, Darya"]
[Black "Ashworth, Jaime"]
[Result "0-1"]
[WhiteElo "1315"]
[BlackElo "1390"]
[PlyCount "126"]
[EventDate "2020.05.07"]
[WhiteTeam "St Albans Early Knights 2"]
[BlackTeam "Stroud Cubs"]

1. d4 Nf6 2. Nf3 e6 3. e3 d5 4. Bd3 Be7 5. Nbd2 O-O 6. O-O b6 7. e4 dxe4 8.
Nxe4 Bb7 9. Nxf6+ Bxf6 10. c3 Nd7 11. Re1 c5 12. Bf4 Bxf3 13. Qxf3 cxd4 14.
cxd4 Bxd4 15. Rab1 Nc5 16. Bc2 Qf6 17. Qh3 h6 18. Bg3 Bxb2 19. Bh4 Qf4 20. Rxb2
Rad8 21. Bxd8 Rxd8 22. Qf3 Qc4 23. Rd1 Rxd1+ 24. Qxd1 g5 25. Qd8+ Kg7 26. Qd2
Qa6 27. Qd4+ Kf8 28. Qh8+ Ke7 29. Qh7 Qe2 30. h3 Qe1+ 31. Kh2 Qc1 32. Bg6 Qxb2
33. Qxf7+ Kd6 34. Qf8+ Kc6 35. Qc8+ Kb5 36. Qe8+ Ka6 37. Qc8+ Kb5 38. Qe8+ Ka6
39. Qc8+ Ka5 40. Qc6 Qxa2 41. Be8 Qa4 42. Qxa4+ Nxa4 43. Bxa4 Kxa4 44. Kg3 b5
45. Kf3 b4 46. Ke2 Kb3 47. Kd1 Kb2 48. Kd2 Ka2 49. Kc2 b3+ 50. Kc1 b2+ 51. Kc2
b1=Q+ 52. Kc3 Qd1 53. Kc4 Kb2 54. Kc5 Qd5+ 55. Kb4 Qd4+ 56. Kb5 Ka3 57. Kc6 Qe5
58. Kb7 Qd6 59. Kxa7 Kb4 60. Kb7 Kb5 61. Kc8 Qe7 62. Kb8 Kb6 63. Kc8 Qc7# 0-1

[Event "Junior Online 4NCL Division 3"]
[Site "online"]
[Date "2020.05.07"]
[Round "4.75"]
[White "Shaporenkov, Robert"]
[Black "Southcott-Moyers, Indy"]
[Result "0-1"]
[WhiteElo "1427"]
[BlackElo "1487"]
[PlyCount "94"]
[EventDate "2020.05.07"]
[WhiteTeam "St Albans Early Knights 2"]
[BlackTeam "Stroud Cubs"]

1. d4 d5 2. Bf4 e6 3. e3 Bd6 4. Bg3 Nf6 5. Nd2 b6 6. Bd3 Bb7 7. Ngf3 c5 8. c3
O-O 9. Qe2 Nc6 10. c4 cxd4 11. cxd5 exd5 12. Bxd6 Qxd6 13. O-O dxe3 14. fxe3
Rfe8 15. Rfe1 Ne5 16. Nxe5 Qxe5 17. Nf3 Qe7 18. Rac1 Rac8 19. a3 Rxc1 20. Rxc1
Rc8 21. Rxc8+ Bxc8 22. Nd2 g6 23. e4 dxe4 24. h3 Qe8 25. Nxe4 Nxe4 26. Qxe4
Qxe4 27. Bxe4 Be6 28. Kh2 Kg7 29. Kg3 h5 30. Kf3 Kf6 31. g4 hxg4+ 32. hxg4 Kg5
33. b4 Bxg4+ 34. Kg3 Be6 35. Kf3 f5 36. Bc2 Kf6 37. Bd3 Bd5+ 38. Kf2 g5 39. Kg1
f4 40. Kf1 g4 41. Be2 f3 42. Bd3 Ke5 43. Kg1 g3 44. Kf1 Kf4 45. a4 f2 46. a5
Ke3 47. axb6 g2# 0-1

[Event "Junior Online 4NCL Division 3"]
[Site "online"]
[Date "2020.05.07"]
[Round "4.76"]
[White "Carey, Alex"]
[Black "Ravithas, Ashwin"]
[Result "0-1"]
[WhiteElo "1442"]
[BlackElo "1382"]
[PlyCount "68"]
[EventDate "2020.05.07"]
[WhiteTeam "Stroud Cubs"]
[BlackTeam "St Albans Early Knights 2"]

1. e4 e5 2. Nf3 Nc6 3. Bc4 Bc5 4. d3 h6 5. O-O Nf6 6. Nc3 O-O 7. Be3 Bb6 8. Qd2
Kh7 9. a4 Bxe3 10. fxe3 d6 11. d4 exd4 12. exd4 Bg4 13. Rae1 Qd7 14. Qd3 Bxf3
15. Rxf3 Kg8 16. Rg3 Nh5 17. Rf3 Nb4 18. Qe2 Nf6 19. Ref1 Qd8 20. e5 Re8 21.
Qd2 dxe5 22. Ne2 Nc6 23. c3 exd4 24. Nxd4 Nxd4 25. cxd4 c5 26. d5 Ne4 27. Qf4
Qf6 28. Qg4 Qd4+ 29. Kh1 Nf2+ 30. R3xf2 Qxg4 31. Bb3 Qb4 32. Ba2 f6 33. d6+ Kh8
34. Rf4 Qxf4 0-1

[Event "Junior Online 4NCL Division 3"]
[Site "online"]
[Date "2020.05.07"]
[Round "4.77"]
[White "Jain, Ekansh Rajesh"]
[Black "Edwards, Jacob"]
[Result "0-1"]
[WhiteElo "1337"]
[BlackElo "1412"]
[PlyCount "108"]
[EventDate "2020.05.07"]
[WhiteTeam "St Albans Early Knights 2"]
[BlackTeam "Stroud Cubs"]

1. e4 d5 2. Nc3 dxe4 3. Nxe4 Nc6 4. d3 Bf5 5. Nf3 e5 6. Be3 Bxe4 7. dxe4 Nf6 8.
Bd3 g6 9. Qd2 Bg7 10. O-O-O O-O 11. Rhe1 Ng4 12. Bc5 Re8 13. h3 Nf6 14. Ng5 Bh6
15. Nxf7 Bxd2+ 16. Rxd2 Kxf7 17. Bc4+ Kg7 18. Rxd8 Raxd8 19. g4 Nd4 20. Bxa7 b6
21. c3 Nc6 22. Bxb6 cxb6 23. Bb5 Re6 24. Bc4 Red6 25. g5 Ne8 26. Bb5 Nc7 27. c4
Nxb5 28. cxb5 Nd4 29. Rd1 Nxb5 30. Rxd6 Nxd6 31. f3 h6 32. h4 hxg5 33. hxg5 Rh8
34. a3 Rh5 35. b4 Rxg5 36. a4 Rg3 37. a5 bxa5 38. bxa5 Rxf3 39. a6 Ra3 40. Kb2
Rxa6 41. Kc3 Nxe4+ 42. Kd3 Rd6+ 43. Kxe4 Kf6 44. Kf3 Kf5 45. Ke3 Rd4 46. Ke2
Rh4 47. Kd3 g5 48. Ke3 g4 49. Kd3 g3 50. Ke2 g2 51. Kf2 Rg4 52. Kg1 e4 53. Kf2
g1=Q+ 54. Ke2 Rg2# 0-1

[Event "Junior Online 4NCL Division 3"]
[Site "online"]
[Date "2020.05.07"]
[Round "4.78"]
[White "Ashworth, Jaime"]
[Black "Vayzert, Darya"]
[Result "1/2-1/2"]
[WhiteElo "1390"]
[BlackElo "1315"]
[PlyCount "93"]
[EventDate "2020.05.07"]
[WhiteTeam "Stroud Cubs"]
[BlackTeam "St Albans Early Knights 2"]

1. e4 c6 2. d4 d5 3. Nc3 dxe4 4. Nxe4 Nf6 5. Nxf6+ exf6 6. c3 Bd6 7. Nf3 Bg4 8.
Be2 Nd7 9. h3 Bf5 10. Bd3 Bxd3 11. Qxd3 O-O 12. O-O Re8 13. Bd2 Qc7 14. Rfe1
Nb6 15. Re2 Qd7 16. Rae1 Rxe2 17. Qxe2 Nd5 18. c4 Nc7 19. c5 Bf8 20. a3 Re8 21.
Qd1 b6 22. Rxe8 Nxe8 23. Bb4 a5 24. Bc3 bxc5 25. Bxa5 cxd4 26. Qxd4 Qxd4 27.
Nxd4 Bc5 28. Nxc6 Nd6 29. Ne7+ Kf8 30. Nc6 Ke8 31. Bb4 Bxb4 32. Nxb4 Kd7 33.
Kf1 Kc7 34. Ke2 Kb7 35. Kd3 Kb6 36. Kc3 Kb5 37. Kb3 Ne4 38. Nd3 Nd2+ 39. Kc2
Ne4 40. b4 Nd6 41. Kb3 Nb7 42. a4+ Kb6 43. Kc4 Nd6+ 44. Kd5 Nb7 45. Kc4 Nd6+
46. Kd5 Nb7 47. Kc4 1/2-1/2

[Event "Junior Online 4NCL Division 3"]
[Site "online"]
[Date "2020.05.07"]
[Round "4.81"]
[White "Jayaprabu, Jaden"]
[Black "Parnes, Shira"]
[Result "1/2-1/2"]
[WhiteElo "1480"]
[BlackElo "1525"]
[PlyCount "180"]
[EventDate "2020.05.07"]
[WhiteTeam "Warwickshire Bears C"]
[BlackTeam "Ojays D"]

1. e4 e5 2. Nf3 Nc6 3. Bc4 Bc5 4. d3 h6 5. O-O Nf6 6. Nc3 d6 7. Be3 Bb6 8. Re1
Bg4 9. h3 Bh5 10. Nd5 Nd4 11. Bxd4 Bxd4 12. Qd2 Bxf3 13. gxf3 Bxb2 14. Rab1 Bd4
15. Rxb7 c6 16. Nxf6+ Qxf6 17. Rxf7 Qg6+ 18. Kh2 d5 19. Rg1 Qxf7 20. exd5 cxd5
21. Bb5+ Kf8 22. Qb4+ Qe7 23. Qxe7+ Kxe7 24. Rxg7+ Kf6 25. Rb7 Bxf2 26. Bc6 d4
27. Kg2 Be3 28. Bd5 Rad8 29. Bc4 a5 30. h4 Kg6 31. Kg3 Rhf8 32. Kg4 Rf4+ 33.
Kg3 Rdf8 34. Rb6+ Kh5 35. Bd5 R4f6 36. Rb5 Rg6+ 37. Kh3 a4 38. f4 Bf2 39. Bf3+
Rg4 40. Bxg4+ Kg6 41. Rb6+ Kg7 42. Rb7+ Kh8 43. fxe5 Re8 44. Rb6 Rxe5 45. Rxh6+
Kg7 46. Rh5 Re3+ 47. Kg2 Be1 48. Rg5+ Kh6 49. Rh5+ Kg7 50. Bf5 Bb4 51. Kf2 Be1+
52. Kf1 Bb4 53. Rg5+ Kf6 54. Be4 Re1+ 55. Kf2 Rc1 56. Rd5 Rxc2+ 57. Kg3 Bc3 58.
h5 Rxa2 59. h6 Be1+ 60. Kh3 Rb2 61. Rf5+ Ke6 62. h7 Rb8 63. Rd5 a3 64. Rxd4 a2
65. Ra4 Kf6 66. Rxa2 Kg7 67. Ra7+ Kh8 68. d4 Bf2 69. Rd7 Re8 70. Bf5 Rf8 71.
Kg4 Be3 72. d5 Bc5 73. Be6 Ba3 74. Kg5 Bb4 75. Kg6 Ba3 76. Rg7 Rf6+ 77. Kxf6
Bb2+ 78. Ke7 Bxg7 79. d6 Kxh7 80. d7 Kg6 81. Bf7+ Kg5 82. Kd6 Bf6 83. Kc7 Kh4
84. Be6 Bg5 85. Bf7 Bf6 86. Kd6 Bg5 87. Ke6 Bd8 88. Bg6 Bg5 89. Bf7 Kg4 90.
d8=Q Bxd8 1/2-1/2

[Event "Junior Online 4NCL Division 3"]
[Site "online"]
[Date "2020.05.07"]
[Round "4.82"]
[White "Domingo, Marco"]
[Black "Xia, Weiquan"]
[Result "1-0"]
[WhiteElo "1547"]
[BlackElo "1480"]
[PlyCount "93"]
[EventDate "2020.05.07"]
[WhiteTeam "Ojays D"]
[BlackTeam "Warwickshire Bears C"]

1. e4 Nc6 2. Nf3 e5 3. Bb5 d6 4. Nc3 Bd7 5. O-O Nge7 6. d3 a6 7. Ba4 Bg4 8. h3
Bh5 9. Bg5 h6 10. Bh4 b5 11. Bb3 Nd4 12. g4 Nxb3 13. axb3 Bg6 14. Bg3 Nc6 15.
Nh4 Bh7 16. f4 exf4 17. Qf3 Ne5 18. Qxf4 g5 19. Qf2 gxh4 20. Bxe5 Qe7 21. Bxh8
Qd7 22. Nd5 Kd8 23. Bf6+ Kc8 24. Bxh4 Bg7 25. Qxf7 Bxb2 26. Qxd7+ Kxd7 27. Rab1
Bh8 28. Nf6+ Bxf6 29. Rxf6 Bg8 30. Rxh6 Be6 31. Rh7+ Kc6 32. Rf1 a5 33. Rf6 Bg8
34. Rg7 a4 35. bxa4 Rxa4 36. Rfg6 Ra1+ 37. Kg2 Ba2 38. Bd8 Kb6 39. Bxc7+ Kc5
40. Bxd6+ Kd4 41. Rd7 Ke3 42. Bc5+ Kd2 43. Rf6 Kxc2 44. Rf2+ Kc3 45. Bd4+ Kb3
46. Bxa1 Ka3 47. Rb7 1-0

[Event "Junior Online 4NCL Division 3"]
[Site "online"]
[Date "2020.05.07"]
[Round "4.83"]
[White "Vas, Ethan"]
[Black "Amoako, Selikem PJ"]
[Result "0-1"]
[WhiteElo "1412"]
[BlackElo "1480"]
[PlyCount "90"]
[EventDate "2020.05.07"]
[WhiteTeam "Warwickshire Bears C"]
[BlackTeam "Ojays D"]

1. c4 Nf6 2. Nc3 e5 3. g3 c6 4. Bg2 d5 5. b3 Bf5 6. e3 Bc5 7. Nge2 O-O 8. cxd5
cxd5 9. O-O Nc6 10. Bb2 Bd3 11. Na4 Be7 12. Nac3 e4 13. a3 a5 14. a4 Nb4 15.
Nb5 Qb6 16. Bd4 Qc6 17. Nbc3 Qa6 18. Bh3 Ne8 19. Bg2 Rc8 20. Nb5 Nd6 21. Nbc3
b5 22. axb5 Nxb5 23. Qc1 Bxe2 24. Re1 Bd3 25. Qb2 Nxd4 26. Nxd5 Nxd5 27. Qxd4
Nb4 28. Bh3 Rcd8 29. Qb2 Bf6 30. Qc1 Bxa1 31. Qxa1 Nc2 32. Qc1 Nxe1 33. Qxe1
Qb5 34. Qc1 Qxb3 35. Qa1 Qb1+ 36. Qxb1 Bxb1 37. Kg2 a4 38. Bg4 a3 39. Bd1 a2
40. Bb3 a1=Q 41. Bd1 Rxd2 42. Bg4 Qb2 43. Kh3 Rxf2 44. Kh4 Rxh2+ 45. Kg5 Qf6#
0-1

[Event "Junior Online 4NCL Division 3"]
[Site "online"]
[Date "2020.05.07"]
[Round "4.84"]
[White "Byrom, Harris"]
[Black "Patel, Keatan"]
[Result "1-0"]
[WhiteElo "1457"]
[BlackElo "1367"]
[PlyCount "93"]
[EventDate "2020.05.07"]
[WhiteTeam "Ojays D"]
[BlackTeam "Warwickshire Bears C"]

1. d4 d5 2. c4 e6 3. Nf3 Nf6 4. Nc3 dxc4 5. e4 Bb4 6. e5 Ne4 7. Bd2 Nxd2 8.
Nxd2 Qxd4 9. Nf3 Bxc3+ 10. bxc3 Qxc3+ 11. Nd2 Qxe5+ 12. Qe2 Qxe2+ 13. Bxe2 O-O
14. Nxc4 Nc6 15. O-O Nd4 16. Bd3 e5 17. Nxe5 Re8 18. Nc4 Bf5 19. Bxf5 Nxf5 20.
Rab1 Re4 21. Nd2 Re2 22. Nf3 Rxa2 23. Rxb7 c5 24. Rfb1 h6 25. Ne5 Nd4 26. Nxf7
Re8 27. h3 Ne2+ 28. Kh2 Nc3 29. Rc1 Ne2 30. Re1 Nf4 31. Rxe8+ Kh7 32. Rh8+ Kg6
33. Ne5+ Kf6 34. Ng4+ Kg6 35. Rg8 h5 36. Rgxg7+ Kf5 37. Rbf7+ Ke4 38. Nf6+ Kf5
39. Nxh5+ Ke4 40. Rxf4+ Ke5 41. Rg5+ Ke6 42. Rf6+ Kd7 43. Rg7+ Ke8 44. Rff7 Re2
45. Nf6+ Kd8 46. Rg8+ Re8 47. Rxe8# 1-0

[Event "Junior Online 4NCL Division 3"]
[Site "online"]
[Date "2020.05.07"]
[Round "4.85"]
[White "Parnes, Shira"]
[Black "Jayaprabu, Jaden"]
[Result "1-0"]
[WhiteElo "1525"]
[BlackElo "1480"]
[PlyCount "71"]
[EventDate "2020.05.07"]
[WhiteTeam "Ojays D"]
[BlackTeam "Warwickshire Bears C"]

1. e4 e5 2. Nf3 Nc6 3. Bc4 Bc5 4. d4 Qe7 5. Ng5 Nh6 6. dxc5 O-O 7. Be3 Ng4 8.
Qxg4 d5 9. Qh5 h6 10. exd5 Nd4 11. Bxd4 exd4+ 12. Be2 hxg5 13. O-O g6 14. Qf3
g4 15. Qd3 Bf5 16. Qd2 Rfe8 17. Re1 Qe5 18. Na3 Re7 19. Bxg4 Be4 20. f3 Rae8
21. Rxe4 f5 22. Rxe5 Rxe5 23. Bh3 Re2 24. Qxd4 Re1+ 25. Rxe1 Rxe1+ 26. Kf2 Ra1
27. d6 cxd6 28. cxd6 Rxa2 29. d7 Rxb2 30. d8=Q+ Kf7 31. Qxb2 Ke6 32. Qb3+ Ke5
33. Qdd5+ Kf6 34. Qd8+ Ke5 35. Qbd5+ Kf4 36. g3# 1-0

[Event "Junior Online 4NCL Division 3"]
[Site "online"]
[Date "2020.05.07"]
[Round "4.86"]
[White "Xia, Weiquan"]
[Black "Domingo, Marco"]
[Result "0-1"]
[WhiteElo "1480"]
[BlackElo "1547"]
[PlyCount "142"]
[EventDate "2020.05.07"]
[WhiteTeam "Warwickshire Bears C"]
[BlackTeam "Ojays D"]

1. d4 d5 2. Bf4 c5 3. c3 Nc6 4. Nf3 Nf6 5. e3 Bg4 6. Bb5 Qb6 7. Bxc6+ bxc6 8.
b3 g6 9. Nbd2 Bg7 10. h3 Bf5 11. Nh4 Bd7 12. O-O Ne4 13. Nxe4 dxe4 14. f3 exf3
15. Nxf3 O-O 16. dxc5 Qxc5 17. Qxd7 Qxc3 18. Qd2 Qc5 19. Kh1 Bxa1 20. Rxa1 Qf5
21. Nd4 Qf6 22. Rd1 Rad8 23. Qe2 c5 24. Nf3 Rxd1+ 25. Qxd1 Qb2 26. Qd2 Qb1+ 27.
Kh2 Rc8 28. Qc3 Qxa2 29. Bh6 f6 30. Ng5 Qa6 31. Ne4 Qb5 32. Qc4+ Qxc4 33. bxc4
a5 34. Nc3 Rd8 35. Nd5 Kf7 36. Nb6 g5 37. h4 Kg6 38. hxg5 fxg5 39. Bxg5 Kxg5
40. Na4 Rd3 41. Nxc5 Rxe3 42. Ne6+ Kf6 43. Nc5 e5 44. Nd7+ Ke6 45. Nf8+ Kd6 46.
Nxh7 Kc5 47. Nf6 Kxc4 48. Ng4 Re2 49. Nf6 a4 50. Nd7 a3 51. Nb6+ Kb3 52. Nd5
Kb2 53. Nb4 a2 54. Nxa2 Kxa2 55. Kh3 Kb3 56. g4 Kc4 57. g5 Ra2 58. Kh4 Ra8 59.
Kg4 Kd5 60. Kf5 e4 61. Kf4 Kd4 62. Kg3 e3 63. Kg2 Kd3 64. Kf1 Kd2 65. g6 e2+
66. Kg2 e1=Q 67. Kh2 Rh8+ 68. Kg2 Qe2+ 69. Kg3 Rg8 70. Kh3 Rxg6 71. Kh4 Qh2#
0-1

[Event "Junior Online 4NCL Division 3"]
[Site "online"]
[Date "2020.05.07"]
[Round "4.87"]
[White "Amoako, Selikem PJ"]
[Black "Vas, Ethan"]
[Result "1-0"]
[WhiteElo "1480"]
[BlackElo "1412"]
[PlyCount "55"]
[EventDate "2020.05.07"]
[WhiteTeam "Ojays D"]
[BlackTeam "Warwickshire Bears C"]

1. e4 e5 2. Nf3 Nc6 3. Bc4 Bc5 4. b4 Bxb4 5. c3 Bc5 6. d4 exd4 7. cxd4 Bb4+ 8.
Bd2 Bxd2+ 9. Nbxd2 d6 10. Qb3 Na5 11. Bxf7+ Kf8 12. Qd5 Nc6 13. Bxg8 Rxg8 14.
O-O Ne7 15. Qb3 c6 16. d5 c5 17. Nc4 a6 18. a4 Ke8 19. Rad1 Rf8 20. h3 Rf7 21.
e5 dxe5 22. Nfxe5 Rf6 23. d6 Nc6 24. d7+ Bxd7 25. Nxd7 Rh6 26. Rfe1+ Kf7 27.
Nce5+ Ke7 28. Qf7# 1-0

[Event "Junior Online 4NCL Division 3"]
[Site "online"]
[Date "2020.05.07"]
[Round "4.88"]
[White "Patel, Keatan"]
[Black "Byrom, Harris"]
[Result "1-0"]
[WhiteElo "1367"]
[BlackElo "1457"]
[PlyCount "107"]
[EventDate "2020.05.07"]
[WhiteTeam "Warwickshire Bears C"]
[BlackTeam "Ojays D"]

1. e4 e5 2. Nf3 Nf6 3. Bc4 Nc6 4. Nc3 h6 5. O-O Bc5 6. d3 d6 7. h3 Nd4 8. Nxd4
Bxd4 9. Nd5 Nxd5 10. Bxd5 c6 11. Bb3 d5 12. c3 Bb6 13. exd5 cxd5 14. c4 dxc4
15. Bxc4 Qd6 16. Qh5 Be6 17. Bxe6 Qxe6 18. Re1 Bd4 19. Be3 Bxb2 20. Rab1 Bc3
21. Bd2 Bd4 22. Rb4 g6 23. Qf3 O-O 24. Bxh6 Rfe8 25. Rxd4 g5 26. Bxg5 Qg6 27.
Rg4 f5 28. Rh4 Qxg5 29. Qg3 Qxg3 30. fxg3 e4 31. dxe4 fxe4 32. Rg4+ Kh7 33.
Rgxe4 Rg8 34. Rh4+ Kg7 35. Rg4+ Kf6 36. Rxg8 Rxg8 37. Rf1+ Ke5 38. Rf2 Rxg3 39.
Rf3 Rg6 40. Kh2 Ra6 41. a3 b5 42. h4 Rh6 43. Kh3 a5 44. g4 b4 45. Rf5+ Ke4 46.
Rxa5 bxa3 47. Rxa3 Rf6 48. Ra4+ Ke3 49. h5 Rf3+ 50. Kh4 Kf2 51. Ra1 Kg2 52. h6
Rh3+ 53. Kg5 Kg3 54. Ra3+ 1-0

[Event "Junior Online 4NCL Division 3"]
[Site "online"]
[Date "2020.05.14"]
[Round "5.11"]
[White "Whelan, Joseph"]
[Black "Mikalajunas, Kajus"]
[Result "1-0"]
[WhiteElo "1547"]
[BlackElo "1675"]
[PlyCount "47"]
[EventDate "2020.05.14"]
[WhiteTeam "4 Gems"]
[BlackTeam "Leicestershire Juniors 1"]

1. e4 e5 2. Nf3 Nc6 3. Bc4 Bc5 4. c3 Nf6 5. d4 exd4 6. cxd4 Bb4+ 7. Nc3 Nxe4 8.
O-O Bxc3 9. bxc3 d5 10. Bb5 O-O 11. Bxc6 bxc6 12. Ne5 Qf6 13. Ba3 c5 14. Qf3
Qxf3 15. Nxf3 c4 16. Bxf8 Ba6 17. Bb4 g5 18. Ne5 f6 19. Nc6 Bb5 20. Ne7+ Kf7
21. Nxd5 Rc8 22. Rfe1 Nd2 23. Re7+ Kg6 24. Re2 1-0

[Event "Junior Online 4NCL Division 3"]
[Site "online"]
[Date "2020.05.14"]
[Round "5.12"]
[White "Pyun, Lindsay"]
[Black "Gogia, Abeer"]
[Result "1/2-1/2"]
[WhiteElo "1495"]
[BlackElo "1427"]
[PlyCount "52"]
[EventDate "2020.05.14"]
[WhiteTeam "Leicestershire Juniors 1"]
[BlackTeam "4 Gems"]

1. e4 c5 2. Nf3 d6 3. d4 cxd4 4. Nxd4 Nf6 5. Nc3 a6 6. Be3 Nc6 7. a3 e6 8. Bd3
Be7 9. O-O O-O 10. f3 Bd7 11. Qe2 Ne5 12. Rac1 Rc8 13. Nb3 b5 14. Nd2 Qc7 15.
f4 Nxd3 16. cxd3 Qb7 17. Nf3 h6 18. Rfd1 Rfd8 19. Qf2 Bc6 20. Bb6 Re8 21. Be3
Red8 22. Bb6 Re8 23. Be3 Red8 24. Bb6 Re8 25. Be3 Red8 26. Bb6 Re8 1/2-1/2

[Event "Junior Online 4NCL Division 3"]
[Site "online"]
[Date "2020.05.14"]
[Round "5.13"]
[White "Rizvi, Aysha"]
[Black "Moughtin-Leay, John"]
[Result "1-0"]
[WhiteElo "1345"]
[BlackElo "1487"]
[PlyCount "37"]
[EventDate "2020.05.14"]
[WhiteTeam "4 Gems"]
[BlackTeam "Leicestershire Juniors 1"]

1. c4 c5 2. g3 Nc6 3. Bg2 Nf6 4. Nf3 e5 5. O-O d6 6. Nc3 Be7 7. d3 Be6 8. Bg5
O-O 9. Ne1 g6 10. Qd2 Nh5 11. Bh6 Ng7 12. Nc2 f5 13. a3 Nd4 14. Nxd4 cxd4 15.
Nd5 Rb8 16. b4 e4 17. dxe4 fxe4 18. Qxd4 Bg5 19. Qxg7# 1-0

[Event "Junior Online 4NCL Division 3"]
[Site "online"]
[Date "2020.05.14"]
[Round "5.14"]
[White "Mehta, Sophie"]
[Black "Rizvi, Zara"]
[Result "1/2-1/2"]
[WhiteElo "1360"]
[BlackElo "1360"]
[PlyCount "94"]
[EventDate "2020.05.14"]
[WhiteTeam "Leicestershire Juniors 1"]
[BlackTeam "4 Gems"]

1. e4 c5 2. Bc4 Nc6 3. Nc3 d6 4. Nf3 Nf6 5. d3 g6 6. b3 Bg7 7. Bb2 O-O 8. Nd5
Bg4 9. Nxf6+ Bxf6 10. Bxf6 exf6 11. h3 Bxf3 12. Qxf3 Nd4 13. Qd1 Qa5+ 14. Kf1
Qc3 15. Rc1 Qa5 16. c3 Nc6 17. a4 Kg7 18. h4 Qd8 19. h5 Rh8 20. hxg6 hxg6 21.
Rxh8 Qxh8 22. Ke2 Qh5+ 23. Kd2 Qxd1+ 24. Rxd1 Rg8 25. Rb1 Rh8 26. Ke3 Rh2 27.
g4 Rg2 28. f3 Rc2 29. b4 cxb4 30. cxb4 Rc3 31. b5 Na5 32. Kd4 Ra3 33. b6 axb6
34. Rxb6 Rxa4 35. Rxd6 Nxc4 36. dxc4 Ra3 37. f4 Ra8 38. Rb6 Rd8+ 39. Ke3 Rb8
40. f5 gxf5 41. exf5 Re8+ 42. Kf4 Rc8 43. Rxb7 Rxc4+ 44. Kf3 Rc3+ 45. Kf4 Rc4+
46. Kf3 Rc3+ 47. Kf4 Rc4+ 1/2-1/2

[Event "Junior Online 4NCL Division 3"]
[Site "online"]
[Date "2020.05.14"]
[Round "5.16"]
[White "Gogia, Abeer"]
[Black "Pyun, Lindsay"]
[Result "1-0"]
[WhiteElo "1427"]
[BlackElo "1495"]
[PlyCount "145"]
[EventDate "2020.05.14"]
[WhiteTeam "4 Gems"]
[BlackTeam "Leicestershire Juniors 1"]

1. e4 e5 2. Nf3 Nc6 3. d4 exd4 4. Nxd4 Bc5 5. Be3 Bb6 6. Nc3 Nge7 7. Bb5 O-O 8.
O-O Nxd4 9. Bxd4 Bxd4 10. Qxd4 c6 11. Bc4 b5 12. Bb3 a5 13. a3 a4 14. Ba2 Ng6
15. Rad1 Re8 16. Rfe1 Qg5 17. Qe3 Qf6 18. Rd3 Ne5 19. Rd2 Ng6 20. Red1 Rd8 21.
Rd6 Qe5 22. Qd4 Qxd4 23. R1xd4 c5 24. Rd1 Rb8 25. R6d5 c4 26. Rxb5 Rxb5 27.
Nxb5 Ba6 28. Nd6 h6 29. Nxc4 Bxc4 30. Bxc4 Kf8 31. Bb5 Ke7 32. Bxa4 d6 33. c4
Ne5 34. b3 Ke6 35. f4 Nd7 36. Bxd7+ Rxd7 37. Kf2 g6 38. Ke3 f6 39. Rb1 Rc7 40.
a4 g5 41. fxg5 fxg5 42. Kd4 Rb7 43. b4 Ra7 44. a5 Kd7 45. Ra1 Rb7 46. b5 Kc7
47. Kd5 Kd7 48. a6 Ra7 49. b6 Ra8 50. b7 Re8 51. a7 Re5+ 52. Kd4 Re8 53. a8=Q
Rxa8 54. bxa8=Q Ke7 55. Qb7+ Kf6 56. Ra6 Kg6 57. Rxd6+ Kh5 58. Qf7+ Kh4 59. g3+
Kg4 60. Qf5+ Kh5 61. Qg6+ Kg4 62. h3+ Kxh3 63. Qxh6+ Kg4 64. Rg6 Kf3 65. c5 Kg4
66. c6 Kf3 67. c7 g4 68. Qf4+ Kg2 69. c8=Q Kg1 70. Qcc1+ Kg2 71. Qcd2+ Kg1 72.
Qff2+ Kh1 73. Rh6# 1-0

[Event "Junior Online 4NCL Division 3"]
[Site "online"]
[Date "2020.05.14"]
[Round "5.17"]
[White "Moughtin-Leay, John"]
[Black "Rizvi, Aysha"]
[Result "1-0"]
[WhiteElo "1487"]
[BlackElo "1345"]
[PlyCount "73"]
[EventDate "2020.05.14"]
[WhiteTeam "Leicestershire Juniors 1"]
[BlackTeam "4 Gems"]

1. c4 c5 2. Nc3 Nf6 3. Nf3 Nc6 4. e4 d6 5. d3 Bg4 6. Be2 g6 7. Be3 Bg7 8. O-O
Nd7 9. h3 Bxf3 10. Bxf3 O-O 11. a3 a6 12. Rb1 Rb8 13. b4 Bxc3 14. bxc5 dxc5 15.
Qc2 Bg7 16. Bf4 Be5 17. Bxe5 Ndxe5 18. Be2 b5 19. f4 Nd7 20. cxb5 axb5 21. Bg4
b4 22. axb4 Qc7 23. Bxd7 Qxd7 24. Qxc5 Rfc8 25. Qc4 Qd4+ 26. Qxd4 Nxd4 27. Kf2
Rc2+ 28. Ke3 Nc6 29. b5 Nd8 30. f5 gxf5 31. Rxf5 Rxg2 32. Kf3 Rd2 33. Ke3 Rh2
34. Rg1+ Kh8 35. Rg3 f6 36. e5 fxe5 37. Rf8# 1-0

[Event "Junior Online 4NCL Division 3"]
[Site "online"]
[Date "2020.05.14"]
[Round "5.18"]
[White "Rizvi, Zara"]
[Black "Mehta, Sophie"]
[Result "1/2-1/2"]
[WhiteElo "1360"]
[BlackElo "1360"]
[PlyCount "153"]
[EventDate "2020.05.14"]
[WhiteTeam "4 Gems"]
[BlackTeam "Leicestershire Juniors 1"]

1. d4 Nf6 2. c4 e5 3. dxe5 Ng4 4. Nf3 Bc5 5. e3 Nc6 6. h3 Ngxe5 7. Nxe5 Nxe5 8.
Nc3 O-O 9. Bd3 Re8 10. O-O d6 11. Qc2 g6 12. b3 b6 13. Bb2 Bb7 14. Nd5 Bxd5 15.
cxd5 Nxd3 16. Qxd3 a6 17. Qc3 f6 18. Qxf6 Qxf6 19. Bxf6 b5 20. Rfe1 a5 21. e4
Rf8 22. Bh4 a4 23. bxa4 Rxa4 24. Re2 Re8 25. Rb1 Rexe4 26. Rxe4 Rxe4 27. Bd8
Rf4 28. Rb2 Rf7 29. Kf1 Kf8 30. f3 Ke8 31. Bg5 b4 32. Re2+ Kd7 33. Rb2 c6 34.
dxc6+ Kxc6 35. Rb3 Ra7 36. Rb2 b3 37. axb3 Ra1+ 38. Ke2 Rg1 39. Kd3 Rd1+ 40.
Kc3 Bd4+ 41. Kc2 Rg1 42. Rb1 Rxg2+ 43. Kd3 Rxg5 44. Kxd4 Rg3 45. Rc1+ Kd7 46.
b4 Rxf3 47. Rb1 Rxh3 48. b5 Kc7 49. b6+ Kb7 50. Kd5 Rd3+ 51. Ke6 d5 52. Kf7 h5
53. Kxg6 h4 54. Kg5 h3 55. Kg4 h2 56. Kf5 Rh3 57. Rh1 Kxb6 58. Ke5 Kc6 59. Kf4
Kc5 60. Ke5 d4 61. Kf4 Kc4 62. Kg4 Rh8 63. Kg3 d3 64. Kf2 Kc3 65. Ke1 Re8+ 66.
Kd1 Rh8 67. Kc1 d2+ 68. Kd1 Kd3 69. Rxh2 Re8 70. Rxd2+ Kc3 71. Rc2+ Kd3 72. Ra2
Rf8 73. Ra3+ Kd4 74. Ra4+ Kd3 75. Ra3+ Kc4 76. Ra4+ Kd3 77. Ra3+ 1/2-1/2